000 00870ngm a22002650a 4500
001 PT19547
003 AR-LpoUNG
005 20210202000313.0
007 vd cvaizq
008 191001suuuu||||ag |||||||||||||||||eng d
037 _c$13,3
040 _aAR-LpoUNG
_bspa
_cAR-LpoUNG
_eaacr
041 _aeng
082 0 _a822.33 42rey
100 1 _aElliott, Michael
245 1 0 _aRey Lear = King Lear
260 _as.l.
_bs.e.
_cs.f.
300 _aVHS (158 min.) : son., col.
520 _aEl rey Lear, pensando que evitaría las luchas fratícidas por la sucesión del poder decidió dividir el reino en vida entre sus hijas mujeres. Pero todo lo que conseguirá es la ingratitud, la envidia y el rencor de todos los que lo rodean.
653 _aSHAKESPEARE, WILLIAM
653 _aVIDEOS
700 1 _aPlowright, David
_eprod.
905 _a19547
942 _cVIDEO
999 _c54575
_d54575